000
00299nam a22001217a 4500
020
_a
1576104907
082
_2
22
_a
005.1
100
_a
Fogel, karl,
245
_a
Open source development with CVS /
260
_a
USA,
_b
The Corolis Group,
_c
c1999.
300
_a
xviii, 316 p. ;
_b
ill. ;
942
_2
ddc
_c
IT
999
_c
4135
_d
4135